000 02340nam0a2200397 4500
001 RU\NLR\BIBL_A\011478786
005 20250626074343.0
020 _aRU
_b7512
_9Сводный каталог листовок первых лет Советской власти (25 октября (7 ноября) 1917 - 1925) Т.4 (Ч.1). Листовки советских, партийных, профсоюзных, комсомольских и других организаций губерний РСФСР
035 _a(NLR Aleph) 011478786
090 _a11888977
_c11888977
100 _a20170926d1920 |||y0rusy50 ca
101 0 _arus
102 _aRU
105 _ay z 000zy
135 _acrgn 008apada
200 1 _aДезертир, опомнись и тем самым искупи свою вину
_e[листовка
_fГрязовецкая уезд. комиссия по борьбе с дезертирством]
210 _aГрязовец
_cтип. Усовнархоза
_d[1920, нояб.]
215 _a1 с.
_d32x20
300 _aПодпись: Грязовецкая уездкомдезертир
325 1 _aКопия доступна в Электронной библиотеке РНБ
327 1 _aО проведении "Недели добровольной явки дезертиров" с 22 по 28 нояб. 1920 г.
540 1 _aО проведении "Недели добровольной явки дезертиров" с 22 по 28 нояб. 1920 г.
607 _aРСФСР
_jЛистовки
_xПолитика и управление
_y1917 - 1925
_92312782
_3RU\NLR\auth\6601609564
686 0 _aТ3(2)71-313,011
686 1 _aТ3(2Р-4Вол)712,011
711 0 2 _aГрязовецкая уездная комиссия по борьбе с дезертирством
_9570973
_3RU\NLR\AUTH\880453725
712 1 2 _aНеделя добровольной явки дезертиров
_f1920
_9566592
_3RU\NLR\AUTH\880451465
852 0 0 _aNLR
_bФЛ
_j25/45
942 _cBOOK
980 _aNB
981 2 1 _a(21) Листовки
_b(21) Листовки 1920 года